| 000 | 00000nam##2200000za#4500 |
| 001 | 9.640005 |
| 003 | CaOODSP |
| 005 | 20210624222445 |
| 007 | cr ||||||||||| |
| 008 | 150407|1998||||xxc|||||o f|0| 0 fre|d |
| 040 | |aCaOODSP|bfre |
| 043 | |an-cn--- |
| 086 | 1 |aSC94-66/1998F-PDF |
| 110 | 1 |aCanada.|bCentre canadien de gestion. |
| 245 | 10|aLes citoyens d'abord / |h[ressource électronique]|c[par] Erin Research Inc. |
| 260 | |bCentre canadien de gestion |cOctobre 1998. |
| 300 | |a97p.|bfigure, graphiques, références, tableaux |
| 500 | |aLe n° de catalogue (SC94-66/1998) et l'ISBN (0-662-63865-4) de l'édition imprimée bilingue ont été incorrectement copiés dans l'édition électronique. |
| 590 | |a12-16-Supp|b2012-04-17 |
| 691 | 07|aQualité de service|2gcpds |
| 691 | 07|aServices gouvernementaux|2gcpds |
| 775 | 08|tCitizens first / |w(CaOODSP)9.695885 |
| 856 | 40|ahttp://publications.gc.ca|qPDF|s575 Ko|uhttps://publications.gc.ca/collections/Collection/SC94-66-1998F.pdf |